Least Populated Countries in the World - Statistics

General Stats
  • This quiz has been taken 37 times
  • The average score is 11 of 15
Answers on the Map
Answers color-coded by a green-red scale on the quiz's map according to % correct below.
 
Answer Stats
Answer % Correct
Vatican City
93%
Nauru
86%
Tuvalu
86%
Andorra
83%
Seychelles
83%
Monaco
79%
Palau
79%
Liechtenstein
76%
Marshall Islands
76%
Saint Kitts and Nevis
72%
Antigua
69%
Dominica
69%
Micronesia
69%
San Marino
69%
Grenada
59%
No matching quizzes found
Score Distribution
Percent of People with Each Score
Percentile by Number Answered
Your Score History
You have not taken this quiz